000
00322nam a22001337a 4500
020
_a
0-408-00759-1
082
_a
621.37 INS'N
100
_a
NORLTINGK, B. E
_9
75607
245
_a
INSTRUMENT TECHNOLOGY, VOLUME-4 INSTRUMENTATION SYSTEMS
250
_a
4TH
260
_a
LONDON
_b
ELBS
_c
1987
300
_a
186P
942
_c
BK
999
_c
581001
_d
581001